LEADER 02933nam a2200769 i 4500
001 nkc20233548491
003 CZ PrNK
005 20240207161052.0
007 ta
008 230918s2023 xr e 000 0dcze
015 |a cnb003548491 
020 |a 978-80-7297-248-7  |q (brožováno) 
035 |a (OCoLC)1425860626 
040 |a ABA001  |b cze  |d BOA001  |e rda 
041 1 |a cze  |h eng 
045 |a e-y- 
072 7 |a 26  |x Judaismus  |2 Konspekt  |9 5 
080 |a 94(=411.16)  |2 MRF 
080 |a 26-32  |2 MRF 
080 |a [26+27]-32-79  |2 MRF 
080 |a 26-1/-9  |2 MRF 
080 |a 272-1/-9  |2 MRF 
080 |a 27-67:26  |2 MRF 
080 |a 26-1  |2 MRF 
080 |a 272-1  |2 MRF 
080 |a 2-285.4  |2 MRF 
080 |a (048.8)  |2 MRF 
100 1 |a Fichtenbauer, Johannes,  |d 1956-  |7 xx0309367  |4 aut 
240 1 0 |a Mystery of the olive tree.  |l Česky 
245 1 0 |a Tajemství olivovníku /  |c Johannes Fichtenbauer ; z anglického originálu The mystery of the olive tree ... přeložil Jiří Černý 
264 1 |a V Uhřicích :  |b Doron,  |c 2023 
300 |a 173 stran ;  |c 17 cm 
336 |a text  |b txt  |2 rdacontent 
337 |a bez média  |b n  |2 rdamedia 
338 |a svazek  |b nc  |2 rdacarrier 
490 1 |a Spiritualita ;  |v svazek 14. 
504 |a Obsahuje bibliografii a bibliografické odkazy 
648 7 |a 1.-21. století  |7 ch1057994  |2 czenas 
648 7 |a 20.-21. století  |7 ch462155  |2 czenas 
650 0 7 |a dějiny Židů  |7 ph489410  |y 1.-21. století  |2 czenas 
650 0 7 |a mesianismus  |7 ph122764  |2 czenas 
650 0 7 |a spasitelský judaismus  |7 ph548937  |2 czenas 
650 0 7 |a učení judaismu  |7 ph162852  |2 czenas 
650 0 7 |a učení katolické církve  |7 ph135482  |2 czenas 
650 0 7 |a křesťanství a judaismus  |7 ph115077  |y 1.-21. století  |2 czenas 
650 0 7 |a židovská teologie  |7 ph127996  |y 1.-21. století  |2 czenas 
650 0 7 |a katolická teologie  |7 ph114892  |y 20.-21. století  |2 czenas 
650 0 7 |a náboženské polemiky  |7 ph180961  |y 20.-21. století  |2 czenas 
650 0 9 |a history of the Jews  |y 1st-21st centuries  |2 eczenas 
650 0 9 |a Messianism  |2 eczenas 
650 0 9 |a Messianic Judaism  |2 eczenas 
650 0 9 |a doctrine of Judaism  |2 eczenas 
650 0 9 |a Catholic doctrine  |2 eczenas 
650 0 9 |a Christianity and Judaism  |y 1st-21st centuries  |2 eczenas 
650 0 9 |a Jewish theology  |y 1st-21st centuries  |2 eczenas 
650 0 9 |a Catholic theology  |y 20th-21st centuries  |2 eczenas 
650 0 9 |a religious polemics  |y 20th-21st centuries  |2 eczenas 
655 7 |a monografie  |7 fd132842  |2 czenas 
655 9 |a monographs  |2 eczenas 
700 1 |a Černý, Jiří  |4 trl 
830 0 |a Spiritualita (Doron)  |0 s 
910 2 |a BOA001  |b 1-1518.479 
990 |a BK 
995 |a 01 
991 |b 202401  |c NOV 
996 6 |b 2610956075  |c 1-1518.479  |l MZK  |r Sklad / do 1 hodiny  |n 0  |p p.v.  |w 001947859  |u 000010  |a 1  |e BOA001  |j MZK50  |s P 
996 7 |b 2610956076  |c 1-1518.479  |l MZK  |r Sklad / do 1 hodiny  |n 1  |p p.v.  |w 001947859  |u 000020  |a 1  |e BOA001  |j MZK50  |s A